Normal view
MARC view
- Կրոնական նյութեր
Entry Genre/Form Term
001 - CONTROL NUMBER
- control field: 40083
003 - CONTROL NUMBER IDENTIFIER
- control field: AM-YeNLA
005 - DATE AND TIME OF LATEST TRANSACTION
- control field: 20160407124601.0
008 - FIXED-LENGTH DATA ELEMENTS
- fixed length control field: 151114|| aca||babn | a|a d
040 ## - CATALOGING SOURCE
- Original cataloging agency: AM-YeNLA
- Language of cataloging: arm
- Transcribing agency: AM-YeNLA
155 ## - HEADING--GENRE/FORM TERM
- Genre/form term: Կրոնական նյութեր
455 ## - SEE FROM TRACING--GENRE/FORM TERM
- Genre/form term: Religious materials
455 ## - SEE FROM TRACING--GENRE/FORM TERM
- Genre/form term: Religiöse Materialien
455 ## - SEE FROM TRACING--GENRE/FORM TERM
- Genre/form term: Религиозные материалы





All site content, except where otherwise noted, is licensed under a